00717nam a2200181 a 4500003000200000005001700002008004100019050003800060100002600098245010600124260009100230300004500321504004100366650002900407650002800436650003900464650003200503020250325130227.0060801s19uu xx 00 eng d aPGS PN 1992.8.V55.A93b.D346 2006 aDe Leon, Billy Roy L. aAwareness on the effects of TV violence on the behavior of grade Vl students /cBilly Roy L. De Leon. aLas Piñas City, Philippines :bSouthville International School and Colleges,c2006. a38 pages : billustrations ; c28 cm. aIncludes bibliographical references. aTelevision and children. aViolence on television. aTelevisionvPsychological aspects. aAggressiveness in children.